000 00392nam a2200157Ia 4500
008 210210b1970 xxu||||| |||| 00| 0 eng d
082 _a530.41 WERP
100 _aWERT (Charles A) & THOMSON (Robb M).
245 _aPhysics of solid.
250 _a
260 _aNew York
_bMcGraw Hill Co.
_c1970
300 _axi,522
650 _aSolids
690 _aSolid State Physics
906 _a039525
999 _c89649
_d89649